|
|
|
|
| LEADER |
00000naa2a2200000 4500 |
| 001 |
130658 |
| 005 |
20231031134008.0 |
| 035 |
|
|
|a (RuTPU)RU\TPU\book\141513
|
| 090 |
|
|
|a 130658
|
| 100 |
|
|
|a 20080206d2007 k y0rusy50 ca
|
| 101 |
0 |
|
|a rus
|
| 102 |
|
|
|a RU
|
| 200 |
1 |
|
|a К оценке концентрационных пределов возникновения горения
|f К. О. Сабденов
|
| 320 |
|
|
|a Библиогр.: 2 назв.
|
| 463 |
|
0 |
|0 (RuTPU)RU\TPU\book\93764
|y 5-98298-125-7
|t Физико-технические проблемы атомной энергетики и промышленности
|o сборник тезисов докладов IV Международной научно-практической конференции; г. Томск, 7-8 июня 2007 г.
|f Томский политехнический университет (ТПУ); Сибирский химический комбинат
|v С. 57
|d 2007
|p 174 с.
|
| 610 |
1 |
|
|a горение
|
| 610 |
1 |
|
|a концентрация
|
| 610 |
1 |
|
|a оценка
|
| 610 |
1 |
|
|a концентрационные пределы
|
| 610 |
1 |
|
|a пламя
|
| 610 |
1 |
|
|a стехиометрическое значение
|
| 610 |
1 |
|
|a конвективные потоки
|
| 610 |
1 |
|
|a число Карловица
|
| 610 |
1 |
|
|a труды учёных ТПУ
|
| 700 |
|
1 |
|a Сабденов
|b К. О.
|
| 801 |
|
1 |
|a RU
|b 63413507
|c 20080206
|g PSBO
|
| 801 |
|
2 |
|a RU
|b 63413507
|c 20090911
|g RCR
|
| 942 |
|
|
|c BK
|